Pays où les films Star Wars ont été tournés - Quiz par Images - Statistiques

Statistiques générales
  • Ce quiz a été pris 1 061 fois
  • Le résultat moyen est 7 sur 16
Statistiques - réponses
Par images Hint Réponse % Correct
Lune forestière d'Endor
Le Retour du Jedi
États-Unis
Parc national de Redwood - Ca.
86%
Tatooine, Ferme des Lars
Un Nouvel espoir
Tunisie
Chott el-Jérid et Hôtel Sidi Idriss (intérieur)
83%
Palais Royal de Naboo
La Menace fantôme
Italie
Palais de Caserte
76%
Ville de Theed, Naboo
L'Attaque des Clones
Espagne
Plaza de España, Séville
68%
Hoth
L'Empire contre-attaque
Norvège
Finse et Hardangerjøkulen
61%
Kashyyyk
La Revanche des Sith
Thaïlande - Baie de Phang Nga
Chine - Guilin
59%
Lah'mu
Rogue one
Islande
Reynisfjara
52%
Takodana
Le Réveil de la Force
Royaume-Uni
Puzzlewood, Forêt de Dean
52%
Ahch-To
Les Derniers Jedi
Irlande
Skellig Michael
51%
Alderaan
La Revanche des Sith
Suisse
Grindelwald
38%
Jedha
Rogue one
Jordanie
Wadi Rum
27%
Jakku
Le Réveil de la Force
Émirats arabes unis
Rub al Khali - Désert d'Abou Dabi
23%
Crait
Les Derniers Jedi
Bolivie
Salar d'Uyuni
22%
Base rebelle sur Yavin 4
Un Nouvel espoir
Guatemala
Parc national de Tikal
18%
Scarif
Rogue one
Maldives
Atoll Hadhdhunmathi
15%
Canto Bight
Les Derniers Jedi
Croatie
Dubrovnik
13%
Aucun quiz correspondant
Distribution des résultats
% des personnes avec chaque résultat
Percentile par nombre de réponses
Votre historique - résultats
Vous n’avez pas pris ce quiz